000 00440nam a2200181Ia 4500
001 13656
005 20260306164817.0
008 260306t2006||||xx |||||||||||||| ||spa||
041 _aESP
082 _a005.1
_bT19 2006
100 _aTanenbaum, Andrews S.
_eAUT
245 0 _aStructured computer organization
260 _c2006
300 _axx, 777 páginas :
_c24 cm.
650 _aGEN
654 _aCCC
942 _cLIB
_dJUS
_fJUS
_2ddc
_n
999 _c13656
_d13656